<?xml version="1.0" encoding="UTF-8"?>
<record
    xmlns:xsi="http://www.w3.org/2001/XMLSchema-instance"
    xsi:schemaLocation="http://www.loc.gov/MARC21/slim http://www.loc.gov/standards/marcxml/schema/MARC21slim.xsd"
    xmlns="http://www.loc.gov/MARC21/slim">

  <leader>00647nam a22002417a 4500</leader>
  <controlfield tag="005">20170124105953.0</controlfield>
  <datafield tag="010" ind1=" " ind2=" ">
    <subfield code="a">166418</subfield>
  </datafield>
  <datafield tag="020" ind1=" " ind2=" ">
    <subfield code="c">10.00</subfield>
  </datafield>
  <datafield tag="035" ind1=" " ind2="h">
    <subfield code="a">166418</subfield>
  </datafield>
  <datafield tag="037" ind1=" " ind2=" ">
    <subfield code="b">Cen Lib/Ret</subfield>
  </datafield>
  <datafield tag="040" ind1=" " ind2=" ">
    <subfield code="a">DPL</subfield>
    <subfield code="b">EN</subfield>
  </datafield>
  <datafield tag="082" ind1=" " ind2=" ">
    <subfield code="a">270.3</subfield>
    <subfield code="b">MIR</subfield>
  </datafield>
  <datafield tag="100" ind1=" " ind2=" ">
    <subfield code="a">Mir Valiuddin</subfield>
    <subfield code="9">13932</subfield>
  </datafield>
  <datafield tag="245" ind1=" " ind2=" ">
    <subfield code="a">The Quranic Sufism /</subfield>
    <subfield code="c">by Mir Valiuddin</subfield>
  </datafield>
  <datafield tag="246" ind1=" " ind2=" ">
    <subfield code="b"> </subfield>
  </datafield>
  <datafield tag="260" ind1=" " ind2=" ">
    <subfield code="a">Delhi</subfield>
    <subfield code="b">Motilal Banarsidass</subfield>
    <subfield code="c">1959</subfield>
  </datafield>
  <datafield tag="270" ind1=" " ind2=" ">
    <subfield code="a">Bunglow Road, Jawaha Nagar</subfield>
    <subfield code="b">Delhi</subfield>
    <subfield code="e">110006</subfield>
  </datafield>
  <datafield tag="300" ind1=" " ind2=" ">
    <subfield code="a">ii,221p.</subfield>
    <subfield code="c">21cm(Hb)</subfield>
  </datafield>
  <datafield tag="500" ind1=" " ind2=" ">
    <subfield code="a">Includes index
</subfield>
  </datafield>
  <datafield tag="650" ind1=" " ind2=" ">
    <subfield code="a">Sufism</subfield>
    <subfield code="9">10031</subfield>
  </datafield>
  <datafield tag="650" ind1=" " ind2=" ">
    <subfield code="a">Qur&#x2BC;an -- Theology</subfield>
    <subfield code="9">12485</subfield>
  </datafield>
  <datafield tag="942" ind1=" " ind2=" ">
    <subfield code="2">ddc</subfield>
    <subfield code="c">EN</subfield>
    <subfield code="h">270.3</subfield>
    <subfield code="m">MIR</subfield>
  </datafield>
  <datafield tag="999" ind1=" " ind2=" ">
    <subfield code="c">125380</subfield>
    <subfield code="d">125380</subfield>
  </datafield>
  <datafield tag="952" ind1=" " ind2=" ">
    <subfield code="0">0</subfield>
    <subfield code="1">0</subfield>
    <subfield code="4">0</subfield>
    <subfield code="7">0</subfield>
    <subfield code="a">L</subfield>
    <subfield code="b">L</subfield>
    <subfield code="d">2015-06-20</subfield>
    <subfield code="e">Cen Lib/Ret</subfield>
    <subfield code="g">10.00</subfield>
    <subfield code="l">0</subfield>
    <subfield code="o">270.3 MIR</subfield>
    <subfield code="p">166418</subfield>
    <subfield code="r">2015-06-20 00:00:00</subfield>
    <subfield code="t">1</subfield>
    <subfield code="v">10.00</subfield>
    <subfield code="w">2015-06-20</subfield>
    <subfield code="y">EN</subfield>
  </datafield>
</record>
